000 00775nam a2200265 i 4500
003 DO-SdBNP
005 20260321073646.0
007 ta
008 230414e19361985dr ||||gr|||| 000 j spa d
040 _aDO-SdBNP
_bspa
_cBNPHU
_erda
082 4 _222
_aRD863.44
_bB742m, 1985
100 1 _a Bosch, Juan,
_d1909-2001
_eautor
_976555
245 1 3 _aLa mañosa :
_bnovela
_cJuan Bosch
250 _a13a. edición
264 1 _aSanto Domingo :
_bAlfa & Omega ,
_c1985.
300 _a220 páginas ;
_c27 cm
336 _2rdacontent
_atexto
_btxt
337 _2rdamedia
_asin medición
_bn
338 _2rdacarrier
_avolumen
_bnc
590 _aInventariado 2024 / YL
650 0 _aNovela dominicana
_9223
650 4 _aLiteratura dominicana
910 _aYLockward
942 _2ddc
_cLBS1
999 _c55744
_d55744